[Event "COL-ch Amateur U1700"]
[Site "Bogota"]
[Date "2018.02.16"]
[Round "3.13"]
[White "Mesa, Francisco Sr"]
[Black "Perez Perez, Jhon Jeyver"]
[Result "0-1"]
[WhiteElo "1554"]
[BlackElo "1623"]
[PlyCount "58"]
[EventDate "2018.02.15"]
[EventType "swiss"]
[EventRounds "7"]
[EventCountry "COL"]
[SourceTitle "EXT 2024"]
[Source "ChessBase"]
[SourceDate "2023.10.10"]
[SourceVersion "1"]
[SourceVersionDate "2023.10.10"]
[SourceQuality "1"]

1. e4 c5 2. Nf3 e6 3. d4 cxd4 4. Nxd4 Nf6 5. Bd3 a6 6. 0-0 Qc7 7. Nc3 Be7 8. Be3 0-0 9. Nf3 Nc6 10. h3 b5 11. Nh2 Bb7 12. f4 d6 13. Ng4 Rfd8 14. Qe1 Na5 15. Qf2 Nc4 16. Bxc4 Qxc4 17. Nxf6+ Bxf6 18. e5 Be7 19. Rad1 Rac8 20. Bb6 Rd7 21. exd6 Rxd6 22. Be3 b4 23. Na4 Qxc2 24. Qxc2 Rxc2 25. Rxd6 Rxg2+ 26. Kh1 Rxb2+ 27. Kg1 Rg2+ 28. Kh1 Bxd6 29. Rg1 Rxa2+ 0-1